000 00504nmm a2200169Ia 4500
008 251105s9999||||xx |||||||||||||||||und||
020 _a9788477372301
041 _aspa
100 _aCalvet, Carlos
245 0 _aLas Islas Afortunadas :
_b Historia y mitos de Canarias
264 _a[Madrid, España] :
_bSílex Ediciones,
_c2009
300 _a288 páginas
490 _aSerie Historia
650 _aHistory of Europe: Spain
856 _uhttps://public.digitaliapublishing.com/a/1365
942 _cCF
999 _c85376
_d85376